000 01158 a2200229 4500
001 47362
005 20260407155741.0
008 260407a1986 arg spa d
003 AR-UNSa-BCEJYS
040 _aAR-UNSa-BCEJYS
_bspa
_cAR-UNSa-BCEJYS
080 _a94:33
_xHistoria económica
245 1 0 _aLa crisis económica 1929-1939
264 1 _aBarcelona :
_bCrítica
_c1986
300 _a397 p.
_c20 cm.
505 _a1. Introducción - 2. La recuperación después de la primera guerra mundial -3. El boom - 4. La depresión agricola - 5. El crac del mercado de valores de 1929 - 6. La caída del abismo - 7. 1931 - 8. Más deflación - 9. La conferencia económica mundial - 10. Los comienzos de la recuperación - 11. El bloque del otro cede - 12. La recesión de 1937 - 13. El remarme en una economía mundial en desintegración - 14. Una explicación de la depresión de 1929.
041 _aspa
942 _cBK
590 _aniveau_biblio:m niveau_hierar:0
100 1 _aArgemi D´Abadal, LLuis
700 1 _aKindleberger, Charles P.
856 4 1 _uhttps://www.biblioeco.unsa.edu.ar/pmb/images/libros/L127485.jpg
_yImagen de portada
_qimage/jpeg
999 _c4349
_d4349